|
|
|
|
| LEADER |
00796nab a2200193 i 4500 |
| 001 |
misc10321 |
| 005 |
20191106143005.0 |
| 008 |
170607s1927 hu o 0|| hun d |
| 022 |
|
|
|a 0025-0260
|
| 040 |
|
|
|a SZTE Miscellanea Repozitórium
|b hun
|
| 041 |
|
|
|a hun
|
| 100 |
1 |
|
|a Szelényi Ödön
|
| 245 |
1 |
0 |
|a Else Croner
|h [elektronikus dokumentum] :
|b Die Psyche der weiblichen Jugend : [könyvismertetés] /
|c Szelényi Ödön
|
| 260 |
|
|
|c 1927
|
| 300 |
|
|
|a 69-70
|
| 490 |
0 |
|
|a Magyar pedagógia : a Magyar Tudományos Akadémia Pedagógiai Bizottságának folyóirata
|v 36
|
| 695 |
|
|
|a Pszichológia könyvismertetés, Fejlődéslélektan lányok, Pszichológia, Lányok lelki fejlődése
|
| 700 |
0 |
1 |
|a Croner Else
|
| 856 |
4 |
0 |
|u http://misc.bibl.u-szeged.hu/10321/1/mp_1927_2994_069-070.pdf
|z Dokumentum-elérés
|